[Event "Mittelfrank Regionalliga Sud-West 2223"]
[Site "Mittelfranken"]
[Date "2022.11.27"]
[Round "3.6"]
[White "Lutz, Gerhard"]
[Black "Lapin, Oleg"]
[Result "1-0"]
[WhiteElo "2031"]
[BlackElo "1837"]
[PlyCount "83"]
[EventDate "2022.10.09"]
[EventType "team-tourn"]
[EventRounds "9"]
[EventCountry "GER"]
[SourceTitle "EXT 2024"]
[Source "ChessBase"]
[SourceDate "2023.10.10"]
[SourceVersion "1"]
[SourceVersionDate "2023.10.10"]
[SourceQuality "1"]
[WhiteTeam "Garching III"]
[BlackTeam "Augsburg Rochade"]
[WhiteTeamCountry "GER"]
[BlackTeamCountry "GER"]

1. e4 c5 2. Nc3 Nc6 3. Bb5 a6 4. Bxc6 bxc6 5. d3 d6 6. f4 e6 7. Nf3 Ne7 8. 0-0 g6 9. b3 Bg7 10. Bb2 0-0 11. Na4 Qa5 12. Bxg7 Kxg7 13. Qe1 Qb5 14. e5 d5 15. Qc3 Nf5 16. Qxc5 Rb8 17. c4 Qb7 18. Nd4 Ne7 19. Rf2 Re8 20. Rc1 Bd7 21. Rfc2 Nc8 22. Kh1 h6 23. Qa5 Qa7 24. Nc5 Ra8 25. cxd5 cxd5 26. a4 h5 27. h3 Rh8 28. Qd2 Rb8 29. Qf2 Rf8 30. Qh4 Kg8 31. Qf6 Be8 32. Qg5 Rb4 33. Ndxe6 fxe6 34. Nxe6 Rf5 35. Qd8 Qd7 36. Qxc8 Rf7 37. Qxa6 Re7 38. Nc5 Qf5 39. Qd6 Rf7 40. Ne6 Rd7 41. Qxb4 Qxe6 42. Rc8 1-0

[Event "DSOL 04 Liga Gr-C 1st"]
[Site "Playchess.com INT"]
[Date "2020.07.15"]
[Round "4.4"]
[White "Zachmann, Katja"]
[Black "Lutz, Gerhard"]
[Result "1/2-1/2"]
[WhiteElo "1000"]
[BlackElo "1685"]
[PlyCount "72"]
[EventDate "2020.06.22"]
[EventType "team-tourn (rapid)"]
[EventCountry "GER"]
[SourceTitle "EXT 2021"]
[Source "ChessBase"]
[SourceDate "2020.10.23"]
[SourceVersion "1"]
[SourceVersionDate "2020.10.23"]
[SourceQuality "1"]
[WhiteTeam "Neustadt Post"]
[BlackTeam "Alzenau Koenigsspringer"]
[WhiteTeamCountry "GER"]
[BlackTeamCountry "GER"]

1. e4 b6 2. g3 Bb7 3. Bg2 e6 4. d3 Nf6 5. Nc3 Bb4 6. Bd2 d5 7. a3 Bxc3 8. Bxc3 d4 9. Bd2 e5 10. Nf3 Nbd7 11. 0-0 c5 12. b3 Qc7 13. a4 0-0-0 14. Qe2 h6 15. h4 Kb8 16. c4 Rhe8 17. b4 cxb4 18. Bxb4 Nc5 19. Bxc5 Qxc5 20. Nd2 Bc8 21. Rfb1 Bg4 22. f3 Bd7 23. Nb3 Qc8 24. a5 b5 25. cxb5 Bxb5 26. Nxd4 Rxd4 27. Rxb5+ Ka8 28. f4 Qc3 29. Rab1 Qxd3 30. Qa2 Rc4 31. R5b3 Qd4+ 32. Kh2 Ng4+ 33. Kh3 Nf2+ 34. Kh2 Ng4+ 35. Kh3 Nf2+ 36. Kh2 Ng4+ 1/2-1/2

[Event "DSOL 04 Liga Gr-C 1st"]
[Site "Playchess.com INT"]
[Date "2020.07.08"]
[Round "3.4"]
[White "Lutz, Gerhard"]
[Black "Leiter, Christoph"]
[Result "1-0"]
[WhiteElo "1685"]
[BlackElo "1172"]
[PlyCount "165"]
[EventDate "2020.06.22"]
[EventType "team-tourn (rapid)"]
[EventCountry "GER"]
[SourceTitle "EXT 2021"]
[Source "ChessBase"]
[SourceDate "2020.10.23"]
[SourceVersion "1"]
[SourceVersionDate "2020.10.23"]
[SourceQuality "1"]
[WhiteTeam "Alzenau Koenigsspringer"]
[BlackTeam "Erbach"]
[WhiteTeamCountry "GER"]
[BlackTeamCountry "GER"]

1. f4 e6 2. e4 c6 3. d4 d5 4. e5 Bb4+ 5. c3 Ba5 6. Nf3 Bd7 7. Bd3 h6 8. 0-0 Ne7 9. Nbd2 0-0 10. Nb3 Bc7 11. Nc5 b6 12. Nxd7 Nxd7 13. b3 c5 14. Be3 Nf5 15. Bxf5 exf5 16. Qe1 Re8 17. Qh4 f6 18. Qh5 fxe5 19. fxe5 Rf8 20. Nh4 Nxe5 21. dxe5 Bxe5 22. Rxf5 Rxf5 23. Nxf5 Bxc3 24. Rf1 Qe8 25. Qg4 h5 26. Qg3 Qe5 27. Qxe5 Bxe5 28. Ne7+ Kh7 29. Nxd5 Rd8 30. Nf4 g6 31. Ne6 Re8 32. Ng5+ Kg8 33. Rf3 Re7 34. g3 Kg7 35. Kg2 Bf6 36. Nh3 Re5 37. Bf4 Rf5 38. Bb8 a6 39. Rxf5 gxf5 40. a4 b5 41. axb5 axb5 42. Nf4 Kh6 43. Nd5 Bb2 44. Bf4+ Kg6 45. Kf3 c4 46. bxc4 bxc4 47. Ke3 c3 48. Kd3 c2 49. Kxc2 Bd4 50. h4 Bg7 51. Kd3 Kf7 52. Ne3 Ke6 53. Ke2 Kf6 54. Kf3 Kg6 55. Nd5 Bd4 56. Be3 Bg7 57. Ne7+ Kf6 58. Bd4+ Kxe7 59. Bxg7 Kf7 60. Bd4 Kg6 61. Kf4 Kh6 62. Kxf5 Kh7 63. Kg5 Kg8 64. Kxh5 Kf7 65. Kh6 Ke6 66. g4 Kd5 67. Ba1 Ke6 68. g5 Kd5 69. Kh7 Ke4 70. h5 Kd5 71. g6 Ke4 72. h6 Kd5 73. g7 Ke4 74. g8Q Kd3 75. Qg6+ Kc4 76. Kg7 Kd5 77. h7 Kc4 78. h8Q Kd5 79. Qhh5+ Kc4 80. Qgg4+ Kb3 81. Qhh3+ Ka2 82. Qgg2+ Kxa1 83. Qhh1# 1-0

[Event "Regionalliga Sued-West 1819"]
[Site "Bayern"]
[Date "2018.11.25"]
[Round "3.4"]
[White "Lichtenstern, Elmar"]
[Black "Lutz, Gerhard"]
[Result "0-1"]
[WhiteElo "2027"]
[BlackElo "2055"]
[PlyCount "120"]
[EventDate "2018.10.21"]
[EventType "team-tourn"]
[EventRounds "9"]
[EventCountry "GER"]
[SourceTitle "EXT 2022"]
[Source "ChessBase"]
[SourceDate "2021.10.06"]
[SourceVersion "1"]
[SourceVersionDate "2021.10.06"]
[SourceQuality "1"]
[WhiteTeam "Haar"]
[BlackTeam "Garching III"]
[WhiteTeamCountry "GER"]
[BlackTeamCountry "GER"]

1. Nf3 g6 2. e4 Bg7 3. d4 d6 4. Bc4 Nf6 5. Nc3 Nxe4 6. Nxe4 d5 7. Bd3 dxe4 8. Bxe4 0-0 9. 0-0 Nd7 10. c3 c5 11. Re1 cxd4 12. Nxd4 Nc5 13. Bf3 e5 14. Nb3 Nd3 15. Re3 Nxc1 16. Rxc1 Qc7 17. Re1 Be6 18. Qc2 Rac8 19. Rcd1 Rfd8 20. Qe4 b6 21. Qb7 Qxb7 22. Bxb7 Rb8 23. Bc6 Kf8 24. Bf3 Ke7 25. Kf1 Rxd1 26. Rxd1 Rd8 27. Ke1 a5 28. Rxd8 Kxd8 29. Kd1 Kc7 30. Nc1 f5 31. Be2 e4 32. f3 Bh6 33. a3 Kd6 34. fxe4 fxe4 35. Bb5 Ke5 36. Ne2 Be3 37. b4 axb4 38. cxb4 Bb3+ 39. Ke1 Bc2 40. a4 Bd3 41. Be8 Bg5 42. a5 bxa5 43. bxa5 Be7 44. Bd7 Bb4+ 45. Kf1 Bxa5 46. Be8 e3 47. Bc6 h5 48. h3 Kf6 49. Bb7 Bc7 50. Bc6 Be5 51. Bb7 Ke7 52. Bd5 Kd6 53. Bf3 Bg3 54. Bb7 Bf2 55. Bc8 Kc5 56. Be6 Kb4 57. Bd5 Ka3 58. Bf7 Kb2 59. Be8 Kc2 60. Ba4+ Kd2 0-1

[Event "Regionalliga Sued-West 1718"]
[Site "Bayern"]
[Date "2018.02.25"]
[Round "7.2"]
[White "Lutz, Gerhard"]
[Black "Haizmann, Thomas"]
[Result "0-1"]
[WhiteElo "2064"]
[BlackElo "2096"]
[PlyCount "59"]
[EventDate "2017.10.22"]
[EventType "team-tourn"]
[EventRounds "9"]
[EventCountry "GER"]
[SourceTitle "EXT 2022"]
[Source "ChessBase"]
[SourceDate "2021.10.06"]
[SourceVersion "1"]
[SourceVersionDate "2021.10.06"]
[SourceQuality "1"]
[WhiteTeam "Garching III"]
[BlackTeam "Muenchen SC II"]
[WhiteTeamCountry "GER"]
[BlackTeamCountry "GER"]

1. e4 Nf6 2. e5 Nd5 3. d4 d6 4. c4 Nb6 5. exd6 exd6 6. Nc3 Be7 7. Be3 0-0 8. Nf3 Bf6 9. Be2 Bf5 10. 0-0 Nc6 11. b3 d5 12. c5 Nc8 13. h3 h6 14. Qd2 N8e7 15. Kh2 Be4 16. g4 Ng6 17. Rad1 b6 18. Na4 Re8 19. Rc1 Re6 20. Ng1 Nh4 21. f3 Bh7 22. f4 Qe7 23. Bf2 Re4 24. Bd3 Nxd4 25. Bxe4 Qxe4 26. Bxd4 Bxd4 27. Rcd1 bxc5 28. Nc3 Bxg1+ 29. Kxg1 Nf3+ 30. Rxf3 0-1

[Event "Regionalliga Sued-West 1718"]
[Site "Bayern"]
[Date "2017.11.12"]
[Round "2.4"]
[White "Ritzka, Simon"]
[Black "Lutz, Gerhard"]
[Result "1/2-1/2"]
[WhiteElo "2002"]
[BlackElo "2064"]
[PlyCount "82"]
[EventDate "2017.10.22"]
[EventType "team-tourn"]
[EventRounds "9"]
[EventCountry "GER"]
[SourceTitle "EXT 2022"]
[Source "ChessBase"]
[SourceDate "2021.10.06"]
[SourceVersion "1"]
[SourceVersionDate "2021.10.06"]
[SourceQuality "1"]
[WhiteTeam "Altstadt Roter Turm"]
[BlackTeam "Garching III"]
[WhiteTeamCountry "GER"]
[BlackTeamCountry "GER"]

1. e4 e5 2. Nf3 Nc6 3. Bb5 a6 4. Ba4 Nf6 5. 0-0 Be7 6. d3 b5 7. Bb3 d6 8. c3 0-0 9. Re1 Be6 10. Nbd2 Qd7 11. Nf1 Bxb3 12. Qxb3 h6 13. Ne3 Rfe8 14. Bd2 Bf8 15. Rad1 Na5 16. Qc2 c5 17. h3 Nc6 18. Bc1 Rac8 19. Qb1 Qb7 20. Nf5 Rcd8 21. b3 b4 22. Bb2 bxc3 23. Bxc3 g6 24. Ne3 Nh5 25. Nd5 Ne7 26. Ba5 Nxd5 27. Bxd8 Nc3 28. Qc2 Nxd1 29. Bh4 Nxf2 30. Bxf2 Nf4 31. Be3 Ne6 32. Qc1 Kh7 33. Rf1 Bg7 34. Nd2 Rf8 35. Nc4 Qc6 36. Nd2 f5 37. Qc4 Nd8 38. Nb1 f4 39. Bd2 Nb7 40. Nc3 Na5 41. Qe6 Re8 1/2-1/2

[Event "Regionalliga Sued-West 1718"]
[Site "Bayern"]
[Date "2017.10.22"]
[Round "1.4"]
[White "Lutz, Gerhard"]
[Black "Rabenstein, Winfried"]
[Result "1/2-1/2"]
[WhiteElo "2064"]
[BlackElo "2042"]
[PlyCount "49"]
[EventDate "2017.10.22"]
[EventType "team-tourn"]
[EventRounds "9"]
[EventCountry "GER"]
[SourceTitle "EXT 2022"]
[Source "ChessBase"]
[SourceDate "2021.10.06"]
[SourceVersion "1"]
[SourceVersionDate "2021.10.06"]
[SourceQuality "1"]
[WhiteTeam "Garching III"]
[BlackTeam "Haar"]
[WhiteTeamCountry "GER"]
[BlackTeamCountry "GER"]

1. e4 c5 2. Nc3 Nc6 3. Bb5 Nd4 4. Bc4 a6 5. a4 g6 6. d3 Bg7 7. Nf3 e6 8. Nxd4 cxd4 9. Ne2 Ne7 10. 0-0 0-0 11. Bb3 d6 12. Bg5 h6 13. Bd2 Kh7 14. c3 Nc6 15. cxd4 Nxd4 16. Nxd4 Bxd4 17. Bc3 Qf6 18. Qd2 Bd7 19. Rfc1 Rac8 20. Rc2 Rc5 21. Rac1 Rfc8 22. Bxd4 Qxd4 23. Rxc5 Rxc5 24. Rxc5 dxc5 25. Qc3 1/2-1/2

[Event "Regionalliga SW 1617"]
[Site "Bayern"]
[Date "2017.02.19"]
[Round "6.5"]
[White "Lutz, Gerhard"]
[Black "Groenegress, Wilfried"]
[Result "1-0"]
[WhiteElo "2067"]
[BlackElo "2038"]
[PlyCount "105"]
[EventDate "2016.10.16"]
[EventType "team-tourn"]
[EventRounds "9"]
[EventCountry "GER"]
[SourceTitle "EXT 2019"]
[Source "ChessBase"]
[SourceDate "2018.10.10"]
[SourceVersion "1"]
[SourceVersionDate "2018.10.10"]
[SourceQuality "1"]
[WhiteTeam "Garching III"]
[BlackTeam "Tuerkheim/Bad Woerishofen"]
[WhiteTeamCountry "GER"]
[BlackTeamCountry "GER"]

1. e4 c5 2. d3 d5 3. Nd2 Nc6 4. Ngf3 e6 5. Be2 g6 6. 0-0 Bg7 7. Re1 Nge7 8. Bf1 0-0 9. c3 b6 10. Qc2 a5 11. a4 Ba6 12. Nb3 Qc7 13. Bg5 dxe4 14. dxe4 Bxf1 15. Rxf1 Rad8 16. Rad1 Rxd1 17. Rxd1 Rd8 18. Rxd8+ Qxd8 19. Nbd2 h6 20. Be3 Kh7 21. Nc4 Nc8 22. Qd2 Qxd2 23. Bxd2 e5 24. Kf1 Kg8 25. Ne1 N6e7 26. Ke2 f6 27. Nd3 Nc6 28. Be3 Kf7 29. Bxc5 bxc5 30. Nxc5 Bf8 31. Nb7 Ke6 32. Nbxa5 Nxa5 33. Nxa5 Nb6 34. b3 Kd7 35. Kd3 Bc5 36. f3 Bg1 37. h3 Kc7 38. Nc4 Nxc4 39. Kxc4 Kc6 40. b4 Kb6 41. Kd5 Be3 42. c4 Bd2 43. c5+ Kc7 44. b5 Be1 45. Ke6 Bh4 46. Kf7 f5 47. Kxg6 fxe4 48. fxe4 Bg5 49. h4 Bxh4 50. Kxh6 Bg3 51. a5 Be1 52. a6 Bf2 53. c6 1-0

[Event "Regionalliga SW 1617"]
[Site "Bayern"]
[Date "2016.11.20"]
[Round "2.5"]
[White "Lichtenstern, Elmar"]
[Black "Lutz, Gerhard"]
[Result "0-1"]
[WhiteElo "2079"]
[BlackElo "2067"]
[PlyCount "106"]
[EventDate "2016.10.16"]
[EventType "team-tourn"]
[EventRounds "9"]
[EventCountry "GER"]
[SourceTitle "EXT 2019"]
[Source "ChessBase"]
[SourceDate "2018.10.10"]
[SourceVersion "1"]
[SourceVersionDate "2018.10.10"]
[SourceQuality "1"]
[WhiteTeam "Haar"]
[BlackTeam "Garching III"]
[WhiteTeamCountry "GER"]
[BlackTeamCountry "GER"]

1. Nf3 d6 2. c4 e5 3. Nc3 g6 4. d4 Nd7 5. dxe5 dxe5 6. Bg5 f6 7. Be3 Nh6 8. Qd2 Nf7 9. 0-0-0 Bg7 10. h4 c6 11. h5 g5 12. Ne4 Qe7 13. g3 Qe6 14. Qc2 0-0 15. Nc5 Nxc5 16. Bxc5 Re8 17. e4 b6 18. Be3 c5 19. Be2 h6 20. Nh2 f5 21. exf5 Qxf5 22. Bg4 Qxc2+ 23. Kxc2 Bb7 24. Rhe1 Rad8 25. Bd7 Re7 26. Bf5 e4 27. Ng4 Rf8 28. Bg6 Ne5 29. Nxe5 Bxe5 30. Rd2 Bc6 31. Red1 Bc7 32. g4 Kg7 33. Bf5 Rff7 34. Re2 Rf8 35. Rde1 Bd7 36. Bxd7 Rxd7 37. Bd2 Re7 38. Bc3+ Kg8 39. Rxe4 Rxf2+ 40. Kb3 Rxe4 41. Rxe4 Kf7 42. Re1 Rf4 43. Rd1 Ke6 44. Bg7 Rxg4 45. Bxh6 Ke5 46. Re1+ Kf5 47. Bf8 Rh4 48. h6 g4 49. Bg7 Bf4 50. Rf1 g3 51. Kc3 Kg4 52. Kd3 g2 53. Rg1 Kf3 0-1

[Event "Regionalliga SW 1516"]
[Site "Bayern"]
[Date "2016.02.21"]
[Round "7.6"]
[White "Lutz, Gerhard"]
[Black "Wuerdinger, Alexander"]
[Result "1/2-1/2"]
[WhiteElo "2067"]
[BlackElo "2024"]
[PlyCount "145"]
[EventDate "2015.10.11"]
[EventType "team-tourn"]
[EventRounds "9"]
[EventCountry "GER"]
[SourceTitle "EXT 2018"]
[Source "ChessBase"]
[SourceDate "2017.10.13"]
[SourceVersion "1"]
[SourceVersionDate "2017.10.13"]
[SourceQuality "1"]
[WhiteTeam "Garching III"]
[BlackTeam "Haar"]
[WhiteTeamCountry "GER"]
[BlackTeamCountry "GER"]

1. e4 Nf6 2. d3 e5 3. Nf3 Nc6 4. Be2 d5 5. Nbd2 g5 6. exd5 Nxd5 7. Nc4 Nf4 8. g3 Ne6 9. Nfxe5 Nxe5 10. Nxe5 Qd5 11. Nf3 g4 12. 0-0 gxf3 13. Bxf3 Qf5 14. Be4 Qf6 15. h4 Bh6 16. Bxh6 Qxh6 17. d4 0-0 18. Bg2 Rd8 19. c3 Bd7 20. Re1 Kh8 21. Re5 Bc6 22. Bxc6 bxc6 23. Qf3 Rd5 24. Qxf7 Rxe5 25. dxe5 Rf8 26. Qe7 Qg6 27. Rf1 Qf5 28. Qa3 Rg8 29. Qxa7 Qh3 30. Qe3 Qxh4 31. Re1 Qh5 32. Kg2 Qg4 33. Qe4 Qg7 34. Qxc6 Nf4+ 35. Kg1 Nd3 36. Re2 Nxe5 37. Qe4 Re8 38. Kg2 Re7 39. Qa8+ Qg8 40. Qxg8+ Kxg8 41. f4 Nc6 42. Rxe7 Nxe7 43. Kf3 Kf7 44. Ke4 h5 45. a4 Ke6 46. a5 Nd5 47. a6 c5 48. a7 Nb6 49. c4 Kf6 50. b3 Ke6 51. f5+ Kf6 52. Kf4 Na8 53. g4 hxg4 54. Kxg4 Nc7 55. Kf4 Na8 56. Ke4 Nc7 57. a8Q Nxa8 58. Kd5 Kxf5 59. Kxc5 Nc7 60. b4 Na6+ 61. Kb5 Nb8 62. Kb6 Ke5 63. c5 Kd5 64. Kb7 Nc6 65. b5 Na5+ 66. Ka6 Nc4 67. b6 Ne5 68. b7 Nc6 69. Kb6 Nb8 70. Kc7 Na6+ 71. Kc8 Kxc5 72. b8Q Nxb8 73. Kxb8 1/2-1/2

[Event "Regionalliga SW 1516"]
[Site "Bayern"]
[Date "2016.01.17"]
[Round "5.7"]
[White "Leitner, Maximilian"]
[Black "Lutz, Gerhard"]
[Result "1/2-1/2"]
[WhiteElo "2223"]
[BlackElo "2067"]
[PlyCount "78"]
[EventDate "2015.10.11"]
[EventType "team-tourn"]
[EventRounds "9"]
[EventCountry "GER"]
[SourceTitle "EXT 2018"]
[Source "ChessBase"]
[SourceDate "2017.10.13"]
[SourceVersion "1"]
[SourceVersionDate "2017.10.13"]
[SourceQuality "1"]
[WhiteTeam "Bayern Muenchen III"]
[BlackTeam "Garching III"]
[WhiteTeamCountry "GER"]
[BlackTeamCountry "GER"]

1. c4 g6 2. Nc3 Bg7 3. g3 d6 4. Bg2 e5 5. d3 f5 6. e3 Nf6 7. Nge2 0-0 8. 0-0 a5 9. b3 c6 10. Bb2 Be6 11. Rc1 Bf7 12. h3 Re8 13. Kh2 Nbd7 14. e4 f4 15. Rc2 g5 16. Rd2 c5 17. Nb5 Nf8 18. Nec3 h6 19. Nd5 Nxd5 20. exd5 Nh7 21. Be4 Nf6 22. Bf5 Bh5 23. g4 Bf7 24. Nc3 Bf8 25. Kg2 Kg7 26. Qe2 Bg6 27. Be6 Bf7 28. Bf5 Bg6 29. Be6 Bf7 30. Bxf7 Kxf7 31. Rh1 Bg7 32. Rdd1 Rh8 33. Rh2 Qe7 34. Rdh1 h5 35. Ne4 Nxe4 36. Qxe4 h4 37. Bc3 Qf6 38. Kf3 Qg6 39. Rb1 Rhb8 1/2-1/2

[Event "Regionalliga SW 1516"]
[Site "Bayern"]
[Date "2015.10.11"]
[Round "1.8"]
[White "Wannakhan, Wirawat"]
[Black "Lutz, Gerhard"]
[Result "0-1"]
[WhiteElo "1153"]
[BlackElo "2067"]
[PlyCount "44"]
[EventDate "2015.10.11"]
[EventType "team-tourn"]
[EventRounds "9"]
[EventCountry "GER"]
[SourceTitle "EXT 2018"]
[Source "ChessBase"]
[SourceDate "2017.10.13"]
[SourceVersion "1"]
[SourceVersionDate "2017.10.13"]
[SourceQuality "1"]
[WhiteTeam "Tuerkheim/Bad Woerishofen"]
[BlackTeam "Garching III"]
[WhiteTeamCountry "GER"]
[BlackTeamCountry "GER"]

1. d4 g6 2. c4 Bg7 3. Nf3 d6 4. e3 Nf6 5. Bd3 0-0 6. 0-0 Nbd7 7. Nc3 e5 8. d5 Nh5 9. e4 h6 10. Be3 Nf4 11. Bc2 g5 12. Ne2 Nf6 13. h4 Bg4 14. hxg5 hxg5 15. Bxf4 gxf4 16. Qd3 Nh5 17. Rac1 Bh6 18. b4 Kh7 19. Rb1 Rg8 20. Nh2 Qg5 21. Nxg4 Qxg4 22. g3 f3 0-1

[Event "Regionalliga SW 1314"]
[Site "Bayern"]
[Date "2013.10.13"]
[Round "1.8"]
[White "Lutz, Gerhard"]
[Black "Gashi, Gazmend"]
[Result "1-0"]
[WhiteElo "2078"]
[BlackElo "1927"]
[PlyCount "89"]
[EventDate "2013.10.13"]
[EventType "team-tourn"]
[EventRounds "9"]
[EventCountry "GER"]
[SourceTitle "EXT 2015"]
[Source "ChessBase"]
[SourceDate "2014.11.20"]
[SourceVersion "1"]
[SourceVersionDate "2014.11.20"]
[SourceQuality "1"]
[WhiteTeam "Garching II"]
[BlackTeam "MSA Zugzwang II"]
[WhiteTeamCountry "GER"]
[BlackTeamCountry "GER"]

1. e4 e5 2. Nf3 d6 3. d4 exd4 4. Nxd4 Nf6 5. Nc3 a6 6. a4 Be7 7. Be2 c5 8. Nf3 0-0 9. 0-0 Nc6 10. h3 Be6 11. Ng5 Nd4 12. Be3 Nxe2+ 13. Qxe2 h6 14. Nxe6 fxe6 15. Rad1 d5 16. exd5 Nxd5 17. Bxh6 Rf6 18. Bg5 Qd7 19. Bxf6 Bxf6 20. Ne4 Qc6 21. Nxf6+ Nxf6 22. Rfe1 Re8 23. b3 b5 24. axb5 axb5 25. Qe5 Kf7 26. Rd6 Qc8 27. c4 bxc4 28. bxc4 Re7 29. Red1 Re8 30. Ra1 Re7 31. Rda6 Rb7 32. Ra7 Qd7 33. Rxb7 Qxb7 34. Qxc5 Qb2 35. Qc7+ Kg6 36. Re1 Qd2 37. Qg3+ Kh7 38. Qe3 Qc2 39. Qxe6 Qc3 40. Qe2 Kh8 41. Rd1 g5 42. Qe7 g4 43. Rd8+ Ng8 44. Qh4+ Kg7 45. Qxg4+ 1-0

[Event "Regionalliga SW 1213"]
[Site "Bayern"]
[Date "2013.02.24"]
[Round "7.7"]
[White "Lutz, Gerhard"]
[Black "Mattes, Heinz"]
[Result "0-1"]
[WhiteElo "2065"]
[BlackElo "1955"]
[PlyCount "124"]
[EventDate "2012.10.14"]
[EventType "team-tourn"]
[EventRounds "9"]
[EventCountry "GER"]
[SourceTitle "EXT 2015"]
[Source "ChessBase"]
[SourceDate "2014.11.20"]
[SourceVersion "1"]
[SourceVersionDate "2014.11.20"]
[SourceQuality "1"]
[WhiteTeam "Garching II"]
[BlackTeam "Muenchen Siemens"]
[WhiteTeamCountry "GER"]
[BlackTeamCountry "GER"]

1. e4 e6 2. d3 d5 3. Nd2 c5 4. Ngf3 Nc6 5. g3 Nf6 6. Bg2 Be7 7. 0-0 0-0 8. Re1 dxe4 9. dxe4 e5 10. c3 Qc7 11. Qc2 h6 12. Nh4 Re8 13. Nf5 Bf8 14. Ne3 Be6 15. Nd5 Qd8 16. Qd3 Rc8 17. Nf1 c4 18. Qd1 Nd7 19. Nfe3 Ne7 20. b3 Nb6 21. Bb2 Ng6 22. Qd2 Qd6 23. Rad1 Red8 24. Qe2 Qc5 25. Nxb6 Rxd1 26. Rxd1 Qxb6 27. b4 Qc6 28. Bc1 Be7 29. Nf1 Bd8 30. Be3 Bb6 31. Bxb6 Qxb6 32. Bf3 Ne7 33. Bg4 Bxg4 34. Qxg4 Rd8 35. Ne3 Rxd1+ 36. Qxd1 Qc7 37. Nd5 Qd6 38. Nxe7+ Qxe7 39. Qd5 Qc7 40. a4 Kf8 41. a5 f6 42. h4 a6 43. Kg2 h5 44. f3 g6 45. Qe6 Kg7 46. Qe8 Qf7 47. Qc8 Kh7 48. Kf2 Kg7 49. Ke2 Kh7 50. Kd2 Kg7 51. Kc1 f5 52. Qb8 fxe4 53. Qxe5+ Qf6 54. Qc7+ Kh6 55. Qxc4 exf3 56. Kd2 Qd6+ 57. Ke3 Qxg3 58. Qf1 f2+ 59. Ke2 Qxh4 60. Ke3 Qg3+ 61. Ke2 Qxc3 62. Kxf2 Qf6+ 0-1

[Event "Regionalliga SW 1112"]
[Site "Bayern"]
[Date "2012.04.15"]
[Round "9.7"]
[White "Lutz, Gerhard"]
[Black "Reif, Hermann"]
[Result "1-0"]
[WhiteElo "2066"]
[BlackElo "1892"]
[PlyCount "45"]
[EventDate "2011.10.02"]
[EventType "team-tourn"]
[EventRounds "9"]
[EventCountry "GER"]
[SourceTitle "EXT 2015"]
[Source "ChessBase"]
[SourceDate "2014.11.20"]
[SourceVersion "1"]
[SourceVersionDate "2014.11.20"]
[SourceQuality "1"]
[WhiteTeam "Garching II"]
[BlackTeam "Krumbach II"]
[WhiteTeamCountry "GER"]
[BlackTeamCountry "GER"]

1. e4 e5 2. Nf3 Nc6 3. Bb5 f5 4. Nc3 fxe4 5. Nxe4 Nf6 6. Qe2 d5 7. Nxf6+ gxf6 8. Bxc6+ bxc6 9. d4 Bg7 10. dxe5 0-0 11. e6 Qd6 12. Be3 a5 13. 0-0-0 Bxe6 14. Qd2 c5 15. Bh6 Qb6 16. Bxg7 Kxg7 17. c3 Rfb8 18. Rhe1 Ra7 19. Re2 Rab7 20. Nh4 a4 21. Rde1 Bg8 22. Nf5+ Kh8 23. Qh6 1-0

[Event "Regionalliga SW 1011"]
[Site "Bayern"]
[Date "2010.10.10"]
[Round "1.6"]
[White "Schmidt, Thomas"]
[Black "Lutz, Gerhard"]
[Result "0-1"]
[WhiteElo "1822"]
[BlackElo "2072"]
[PlyCount "82"]
[EventDate "2010.10.10"]
[EventType "team-tourn"]
[EventRounds "9"]
[EventCountry "GER"]
[SourceTitle "EXT 2012"]
[Source "ChessBase"]
[SourceDate "2011.11.24"]
[SourceVersion "1"]
[SourceVersionDate "2011.11.24"]
[SourceQuality "1"]
[WhiteTeam "Tuerkheim/Bad Woerishofen"]
[BlackTeam "Garching II"]
[WhiteTeamCountry "GER"]
[BlackTeamCountry "GER"]

1. d4 g6 2. Nf3 Bg7 3. Nc3 d6 4. e4 Nf6 5. Be3 c6 6. Qd2 Ng4 7. Bg5 h6 8. Bh4 Qa5 9. h3 Nf6 10. Bd3 e5 11. dxe5 dxe5 12. 0-0 Be6 13. a3 Nbd7 14. b4 Qc7 15. Rfe1 0-0 16. Na4 Nh5 17. Be7 Rfe8 18. Bc5 b5 19. Nb2 Nxc5 20. bxc5 Red8 21. Qe3 Nf4 22. Bf1 Rab8 23. Rad1 Qa5 24. Rd6 Rdc8 25. Nd2 Bf8 26. Kh2 Bxd6 27. cxd6 Qb6 28. g3 Qxe3 29. Rxe3 Nh5 30. Nd3 Rd8 31. Nxe5 Rxd6 32. Rd3 Rxd3 33. Nxd3 Nf6 34. Nc5 Nd7 35. Nxd7 Bxd7 36. Nb3 Be6 37. Nc5 Rd8 38. Kg2 Rd2 39. Nxe6 fxe6 40. Bd3 Kf7 41. e5 Rxd3 0-1

[Event "Regionalliga SW 0910"]
[Site "Bayern"]
[Date "2010.02.28"]
[Round "7.3"]
[White "Fauth, Dietmar"]
[Black "Lutz, Gerhard"]
[Result "1/2-1/2"]
[WhiteElo "2146"]
[BlackElo "2089"]
[PlyCount "34"]
[EventDate "2009.10.18"]
[EventType "team-tourn"]
[EventRounds "9"]
[EventCountry "GER"]
[SourceTitle "EXT 2011"]
[Source "ChessBase"]
[SourceDate "2010.11.26"]
[SourceVersion "1"]
[SourceVersionDate "2010.11.26"]
[SourceQuality "1"]
[WhiteTeam "Muenchen Siemens"]
[BlackTeam "Garching II"]
[WhiteTeamCountry "GER"]
[BlackTeamCountry "GER"]

1. e4 e6 2. d4 d5 3. Nc3 Nf6 4. Bg5 Be7 5. e5 Nfd7 6. h4 a6 7. Qg4 Bxg5 8. hxg5 c5 9. g6 f5 10. Qg3 h6 11. Nf3 0-0 12. 0-0-0 Nc6 13. dxc5 f4 14. Qh4 Qxh4 15. Rxh4 Ndxe5 16. Nxe5 Nxe5 17. Bd3 Bd7 1/2-1/2

[Event "Regionalliga SW 0910"]
[Site "Bayern"]
[Date "2009.11.29"]
[Round "3.3"]
[White "Lutz, Gerhard"]
[Black "Bucan, Djordje"]
[Result "0-1"]
[WhiteElo "2089"]
[BlackElo "2096"]
[PlyCount "64"]
[EventDate "2009.10.18"]
[EventType "team-tourn"]
[EventRounds "9"]
[EventCountry "GER"]
[SourceTitle "EXT 2011"]
[Source "ChessBase"]
[SourceDate "2010.11.26"]
[SourceVersion "1"]
[SourceVersionDate "2010.11.26"]
[SourceQuality "1"]
[WhiteTeam "Garching II"]
[BlackTeam "Muenchen Suedost"]
[WhiteTeamCountry "GER"]
[BlackTeamCountry "GER"]

1. c4 e5 2. Nc3 Nc6 3. g3 d6 4. Bg2 Be6 5. d3 Qd7 6. Rb1 a5 7. a3 Nf6 8. Nd5 Be7 9. e3 0-0 10. Ne2 Bd8 11. 0-0 Bh3 12. b4 axb4 13. axb4 Nxd5 14. cxd5 Bxg2 15. Kxg2 Na7 16. Ra1 Be7 17. Bb2 Nb5 18. Qb3 h5 19. Qc4 c6 20. f4 Rxa1 21. Bxa1 Bf6 22. dxc6 bxc6 23. Rc1 Ra8 24. fxe5 dxe5 25. Bb2 Rd8 26. d4 exd4 27. Nxd4 Nxd4 28. Bxd4 Bxd4 29. exd4 h4 30. Qxc6 h3+ 31. Kh1 Qxd4 32. b5 Qd1+ 0-1